Product Quality and Protection of Consumer

Gespeichert in:
Bibliographische Detailangaben
1. Verfasser: Lacková, Alica
Weitere Verfasser: Karkalíková, Marta
Format: Buchkapitel
Sprache:Englisch
Tags: Tag hinzufügen
Keine Tags, Fügen Sie das erste Tag hinzu!

MARC

LEADER 00000naa$a2200000$$$4500
001 0135266
005 20240502083327.7
041 0 |a eng 
044 |a PL 
245 1 0 |a Product Quality and Protection of Consumer  |c Alica Lacková, Marta Karkalíková 
500 |a Abstrakt 
100 1 |a Lacková, Alica 
700 1 |a Karkalíková, Marta